| 000 | 00714nam a2200229 4500 | ||
|---|---|---|---|
| 003 | OSt | ||
| 005 | 20240624053015.0 | ||
| 006 | a | ||
| 008 | 240624b |||||||| |||| 00| 0 eng d | ||
| 020 | _a9789812533081 | ||
| 040 |
_aDWCL-HMN lib. _cOC |
||
| 082 |
_2Eleventh edition _aCirc. 338.479 G595t 2009 |
||
| 100 | _aGoeldner, Charles R. | ||
| 245 | _aTourism : principles, practices, philosophies / | ||
| 250 | _aEleventh edition | ||
| 260 |
_aN.J. : _bJohn Wiley & Sons, Inc. , _cc2009. |
||
| 300 |
_axix, _b624 p. : ill. ; _c24 cm. |
||
| 504 | _aIncludes bibliographical references & index. | ||
| 650 | _a1. Tourism. | ||
| 650 | _a2. Tourist trade. | ||
| 942 |
_2ddc _n0 _cBK-CIRC _eEleventh edition _kCirc. |
||
| 999 |
_c1216 _d1216 |
||